Hiperpolis

Salvato in:
Dettagli Bibliografici
Autore principale: Borchers Fernández, Juan
Natura: Libro
Lingua:spagnolo
Pubblicazione: Santiago, Chile Ediciones Metales Pesados 2011
Edizione:1a. ed
Soggetti:
Tags: Aggiungi Tag
Nessun Tag, puoi essere il primo ad aggiungerne!!

MARC

LEADER 00000cam a2200000 a 4500
001 UCE0413
003 CL-VaPUC
005 20210730001650.0
008 140116e20110300cl |||||||||||||||||spa|d
999 |c 354552  |d 354550 
020 |a 9789568415402 
040 |c Pontificia Universidad Católica de Valparaíso 
082 0 4 |a 720.1 BOR 2011  |2 21 
100 0 |a Borchers Fernández, Juan  |9 572775 
245 1 0 |a Hiperpolis 
250 |a 1a. ed 
260 0 3 |a Santiago, Chile  |b Ediciones Metales Pesados  |c 2011 
300 |a 135 páginas. 
583 |a last modification  |c 20140116 11:53:00  |k Rodrigo Vera 
650 0 |a Filosofía de la arquitectura  |9 267382 
650 0 |a Abstracción  |9 344698 
650 0 |a Arte abstracto   |9 265105 
942 |c BK  |2 ddc 
945 |d 20140116 11:53:00  |a dcastane 
952 |0 0  |1 0  |2 ddc  |3 erb  |4 0  |6 720_100000000000000_BOR_2011  |7 0  |8 A  |9 460500  |a BIBART  |b BIBART  |i 5050030  |o 720.1 BOR 2011  |p 5050030  |r 2025-03-13  |t 1  |w 2019-11-23  |y BK  |z Catalogado en:20140116  |k ART